000 00864cam2a220025300 4500
001 qce01686100
005 20190830111250.0
008 820929s1967 ilu 000 0 eng
010 _a 72076301
035 _a(Sirsi) r113440
035 _a(QCAT)lss04002386
035 _a(UPRA)qce01686100
040 _dUPRA
050 0 _aLA133.B35 1967
100 1 _aBeauchamp, George A., 1912-
_dBeauchamp, George A., 1912-
_6A75380.1
245 1 0 _aComparative analysis of curriculum systems /
_c[by] George A. Beauchamp [and] Kathryn E. Beauchamp.
260 _aWilmette, IL :
_bKagg Press,
_c1967.
504 _aIncludes bibliographical references.
650 0 _aComparative education.
_6S22693.1
650 0 _aEducation.
_6S3595.1
700 1 _aBeauchamp, Kathryn E.
_6A75381.1
949 _aLA133.B35 1967
_wlcc
_i-162671
_mMAIN
_tBOOK
_lON-SHELF
004 113440
999 _c189194
_d189194